03144nam a2200349 a 4500003000500000005001700005007000300022008004100025020002200066040002300088050002100111082002700132100002600159240003900185245013800224250001700362264004000379300007800419336002700497337002700524338002800551504003800579505062600617520129501243650004002538650003202578650003902610650002402649700002802673700004002701700005302741CHAP20230316111225.0ta230316s2016 mx ado|f |||| 001 0 spa d a978-607-522-281-3 amxchpuacCHAPerda10aTA405b.G47 201600220a620.1123bG47 20161 aGere, James M.eautor1 aMechanics of materials.lEspañol10aMecánica de materiales /cJames M. Gere y Barry J. Goodno ; traductores Lorena Peralta Rosales y María del Pilar Carril Villareal a8a edición aMéxico :bCengage Learning,c2016 axx, 1129 páginas :bilustraciones, gráficas, diagramas, tablas, fotos 2rdacontentatextobtxt 2rdamediaasin mediobn 2rdacarrieravolumenbnc aBibliografía: páginas 987-9940 aCAPÍTULO 1. Tensión, Compresión y Cortante. -- CAPÍTULO 2. Elementos Cargados Axialmente. -- CAPÍTULO 3. Torsión. -- CAPÍTULO 4. Fuerzas Cortantes y Momentos Flexionantes. -- CAPÍTULO 5. Esfuerzos en Vigas. -- CAPÍTULO 6. Esfuerzos en Vigas (temas avanzados). -- CAPÍTULO 7. Análisis de Esfuerzo y Deformación. -- CAPÍTULO 8. Aplicaciones de Esfuerzo Plano (recipientes a presión, vigas y cargas combinadas). -- CAPÍTULO 9. Deflexiones de Vigas. -- CAPÍTULO 10. Vigas Estáticamente Indeterminadas. -- CAPÍTULO 11. Columnas. -- CAPÍTULO 12. Repaso de Centroides y Momentos de Inercia.2 aLos temas principales que se estudian en el libro Mecánica de Materiales – James M. Gere son el análisis y diseño de elementos estructurales sometidos a tensión, compresión, torsión y flexión, incluidos los conceptos fundamentales que se mencionan en los párrafos anteriores. Otros temas importantes son las transformaciones de esfuerzo y deformación unitaria, cargas combinadas, esfuerzos combinados, deflexiones de vigas y estabilidad de columnas. Entre los temas especializados adicionales se incluyen los siguientes: concentraciones de esfuerzos, cargas dinámicas y de impacto, elementos no prismáticos, centros de cortante, flexión de vigas de dos materiales (o vigas compuestas), flexión de vigas asimétricas, esfuerzos máximos en vigas, métodos basados en energía para calcular las deflexiones de vigas y vigas estáticamente indeterminadas. Como ayuda para el estudiante, cada capítulo inicia con la Perspectiva general del capítulo, donde se esbozan los temas que se estudiarán en el mismo, y termina con un Resumen y repaso del capítulo, en el que se destacan los puntos clave y las principales fórmulas matemáticas que se presentaron en el capítulo para un repaso rápido (en preparación para exámenes sobre el material).17aMaterialesxPropiedades mecánicas13aCiencia de los materiales 10aMaterials xMechanical properties13aMaterials science 1 aGoodno, Barry J.eautor1 aPeralta Rosales, Lorenaetraductora1 aCarril Villarreal, María del Pilaretraductora